The evaluation of risk in business investment /

Guardado en:
Autor Principal: Hull, John, 1946-
Formato: Libro
Idioma:English
Publicado: Oxford : Pergamon Press, 1980.
Series:Pergamon international library of science, technology, engineering, and social studies.
Materias:
Etiquetas: Agregar Etiqueta
Sin Etiquetas, Sea el primero en etiquetar este registro!
LEADER 00800nam a22002055 4500
001 EAD.ead003949
008 080718s1980####xxud#####b####000#0#eng#d
005 20160822132607.0
245 1 4 |a The evaluation of risk in business investment /  |c by J. C. Hull. 
260 |a Oxford :  |b Pergamon Press,  |c 1980. 
300 |a xiii, 177 p. ;  |c 22 cm. 
490 1 |a Pergamon international library of science, technology, engineering, and social studies 
504 |a Incluye referencias biliográficas. 
020 |a 0080240755 
100 1 |a Hull, John,  |d 1946- 
830 0 |a Pergamon international library of science, technology, engineering, and social studies. 
082 0 4 |a 658.1527  |2 21 
650 7 |a Inversiones.  |2 unbist 
650 7 |a Riesgo.  |2 unbist 
859 |a AR-BaBDC  |b BIB. ADMINISTRACION - Libros  |h 658.1527  |i H877  |p b01388